MARC details
| 000 -CABECERA |
| campo de control de longitud fija |
00927nam a2200277 a 4500 |
| 005 - FECHA Y HORA DE LA ÚLTIMA TRANSACCIÓN |
| campo de control |
20240910063812.0 |
| 008 - ELEMENTOS DE LONGITUD FIJA--INFORMACIÓN GENERAL |
| campo de control de longitud fija |
010829s1988 mx r 000 0 spa d |
| 020 ## - NÚMERO INTERNACIONAL NORMALIZADO PARA LIBROS |
| Número Internacional Estándar del Libro |
9688670235 |
| 035 ## - NÚMERO DE CONTROL DEL SISTEMA |
| Número de control de sistema |
UPN01000110663 |
| 040 ## - FUENTE DE LA CATALOGACIÓN |
| Centro catalogador/agencia de origen |
UPN |
| Lengua de catalogación |
spa |
| Centro/agencia transcriptor |
UPN |
| 049 ## - COLECCIÓN |
| Colección |
CG |
| 050 #4 - SIGNATURA TOPOGRÁFICA DE LA BIBLIOTECA DEL CONGRESO |
| Número de clasificación |
B831.2 |
| Número de documento/Ítem |
P6.7 |
| 245 13 - MENCIÓN DE TÍTULO |
| Título |
La posmodernidad / |
| Mención de responsabilidad, etc. |
selec. y pról. de Hal Foster ; tr. Jordi Fibla. |
| 260 ## - PUBLICACIÓN, DISTRIBUCIÓN, ETC. |
| Lugar de publicación, distribución, etc. |
México : |
| Nombre del editor, distribuidor, etc. |
Colofón ; |
| Lugar de publicación, distribución, etc. |
Barcelona, (Esp.): |
| Nombre del editor, distribuidor, etc. |
Kairós, |
| Fecha de publicación, distribución, etc. |
1988. |
| 300 ## - DESCRIPCIÓN FÍSICA |
| Extensión |
238 p. : |
| Otras características físicas |
il. |
| 500 ## - NOTA GENERAL |
| Nota general |
Traducción de : The Anti-aesthetic, essays on postmodern culture. |
| 590 ## - NOTA LOCAL (RLIN) |
| Nota local |
(También localizas un ejemplar en el "Area de Reserva") |
| 590 ## - NOTA LOCAL (RLIN) |
| Nota local |
Bibliografía Básica (BGTQ) |
| 650 #2 - ASIENTO SECUNDARIO DE MATERIA - TERMINO TEMATICO |
| Término de materia o nombre geográfico como elemento de entrada |
Postmodernismo |
| 9 (RLIN) |
5929 |
| 650 #2 - ASIENTO SECUNDARIO DE MATERIA - TERMINO TEMATICO |
| Término de materia o nombre geográfico como elemento de entrada |
MODERNISMO (ESTETICA) |
| 9 (RLIN) |
15724 |
| 650 #4 - ASIENTO SECUNDARIO DE MATERIA - TERMINO TEMATICO |
| Término de materia o nombre geográfico como elemento de entrada |
Civilización moderna |
| Subdivisión cronológica |
1950- |
| 9 (RLIN) |
10800 |
| 700 1# - ASIENTO SECUNDARIO--NOMBRE DE PERSONAL |
| Nombre de persona |
Foster, Hal, |
| Fechas asociadas al nombre |
1955- |
| 9 (RLIN) |
44054 |
| 700 1# - ASIENTO SECUNDARIO--NOMBRE DE PERSONAL |
| Nombre de persona |
Fibla, Jordi |
| 9 (RLIN) |
44055 |
| 905 ## - TIPO DE MATERIAL |
| Tipo de material |
Libros |
| 942 ## - ELEMENTOS DE PUNTO DE ACCESO ADICIONAL (KOHA) |
| Fuente del sistema de clasificación o colocación |
Library of Congress Classification |
| Tipo de ítem Koha |
Libro |